Sports Quiz

Random Sports or NBA Quiz
Score 0/11 Timer 03:00
0 Plays Today
Seasons Player % Correct
14 SeasonsTim Duncan
93.8%
19 SeasonsJohn Stockton
91.1%
18 SeasonsReggie Miller
89.8%
14 SeasonsDavid Robinson
88.9%
15 SeasonsKobe Bryant
84.4%
14 SeasonsJerry West
63.6%
14 SeasonsJoe Dumars
59.6%
16 SeasonsJohn Havlicek
53.3%
14 SeasonsElgin Baylor
48%
15 SeasonsHal Greer
23.1%
15 SeasonsDolph Schayes
16%
Come Together.
Have Fun.
All Virtual.
We all need to come together. Play Sporcle's virtual live trivia to have fun, connect with people, and get your trivia on. Join a live hosted trivia game for your favorite pub trivia experience done virtually. If a virtual private party is more your thing, go here for details.

You're not logged in!

Compare scores with friends on all Sporcle quizzes.
OR
Log In

Sporcle TV

Today on Sporcle TV


Watch our educational content, quiz creation guides, and fun videos on Sporcle TV.

Show Comments

Extras

Top Quizzes Today


Score Distribution

Paid Content

Your Account Isn't Verified!

In order to create a playlist on Sporcle, you need to verify the email address you used during registration. Go to your Sporcle Settings to finish the process.

Report this User

Report this user for behavior that violates our Community Guidelines.

Details: